Radiation vulcanization of natural rubber latex using TMPTMA and PEA (Record no. 45922)
[ view plain ]
| 000 -LEADER | |
|---|---|
| fixed length control field | 00493nam a2200181Ia 4500 |
| 100 ## - MAIN ENTRY--AUTHOR NAME | |
| Personal name | Jayasuriya MM |
| 245 #0 - TITLE STATEMENT | |
| Title | Radiation vulcanization of natural rubber latex using TMPTMA and PEA |
| 260 ## - PUBLICATION, DISTRIBUTION, ETC. (IMPRINT) | |
| Name of publisher | European Polymer Journal |
| Year of publication | 2001 |
| 300 ## - PHYSICAL DESCRIPTION | |
| Number of Pages | 93-98 |
| 650 ## - SUBJECT ADDED ENTRY--TOPICAL TERM | |
| Topical Term | Crosslink density |
| 650 ## - SUBJECT ADDED ENTRY--TOPICAL TERM | |
| Topical Term | Irradiation |
| 650 ## - SUBJECT ADDED ENTRY--TOPICAL TERM | |
| Topical Term | RV accelerators |
| 650 ## - SUBJECT ADDED ENTRY--TOPICAL TERM | |
| Topical Term | Tensile properties |
| 700 ## - ADDED ENTRY--PERSONAL NAME | |
| Personal name | 6aYoshi F |
| 700 ## - ADDED ENTRY--PERSONAL NAME | |
| Personal name | Makuuchi K |
| 942 ## - ADDED ENTRY ELEMENTS (KOHA) | |
| Koha item type | Reprints |
| Withdrawn status | Lost status | Damaged status | Not for loan | Home library | Current library | Date acquired | Serial Enumeration / chronology | Koha item type |
|---|---|---|---|---|---|---|---|---|
| Reprints | RRII Library | RRII Library | 22/12/2021 | Volume 37, Issue | Reprints |